[Event "10th Dolomiti Open 2019"]
[Site "Forni di Sopra"]
[Date "2019.06.17"]
[Round "3.9"]
[White "Low Zhen Yu, Cyrus"]
[Black "Ranaldi, Lucas"]
[Result "1/2-1/2"]
[WhiteElo "1928"]
[BlackElo "2237"]
[Annotator "TA"]
[PlyCount "84"]
[EventDate "2019.06.15"]
[EventType "swiss"]
[EventCountry "ITA"]
[SourceTitle "playchess.com"]
[Source "ChessBase"]
[SourceQuality "1"]

{[%evp 13,84,-2,18,17,26,28,27,18,19,22,31,20,28,22,34,10,11,10,31,0,0,0,21,20,27,20,27,0,10,0,0,-16,6,-9,-2,-40,-34,-47,-44,-41,-29,-35,-35,-46,-42,-96,-97,-138,-130,-197,-201,-204,-189,-353,-335,-317,-329,-360,-330,-332,-330,-462,-467,-420,-269,-252,-241,-226,-96,-113,-110,-86,-110]} 1. e4 c6 2. Nc3 d5 3. Nf3 Bg4 4. h3 Bxf3 5. Qxf3 Nf6 6. g3 e6 7. Bg2 Nbd7 8. Qe2 {B11: Caro-Kann: Two Knights Variation} dxe4 9. Nxe4 Nxe4 10. Bxe4 {White has an edge.} Nf6 11. Bg2 Be7 12. O-O O-O 13. Rd1 Qb6 $146 ({Predecessor:} 13... Qc7 14. d4 Rad8 15. Rd3 a5 {1-0 (41) Wang,H (2701)-Kojima,S (2399) Douglas 2016}) 14. d3 Rfd8 15. Be3 c5 16. Rab1 Nd5 17. Bd2 Rd7 18. a3 a5 19. h4 Bf6 20. Qe1 Qd8 21. Qe4 Rc8 22. Re1 Ne7 {[%cal Bd5e7,Be7c6,Bc6d4,Bd4f5,Bf5d6,Bd6c4][%mdl 32]} 23. Bf1 Nc6 24. Be2 Nd4 25. Bd1 c4 26. c3 Nf5 27. Bf4 cxd3 {Hoping for ...d2.} 28. Ba4 Rd5 $36 {[%mdl 2048] aiming for ...Nd6. Black has some pressure.} 29. Bb3 (29. Red1 $15) 29... Nd6 $1 $17 {[%cal Rd6e4]} 30. Qf3 Nc4 $1 31. Re4 (31. Qe4 $17 b5 32. a4) 31... b5 $1 $19 32. a4 {White wants to play axb5.} Rf5 33. Qg4 $2 (33. Qd1) 33... h5 34. Qd1 {intending axb5.} Qd5 35. Qe1 e5 36. Bd2 {and the idea axb5 leaves White hopeful.} Qb7 37. Rd1 Nd6 38. Re3 bxa4 39. Rxd3 Qxb3 40. Rxd6 {[#]} Qxb2 (40... Be7 $1 $19 {[%cal Re7d6]} 41. Rd3 Qxb2) 41. Qe4 $17 g6 {Strongly threatening ...Be7.} 42. Qxa4 {[#]} Qb7 $1 {Accuracy: White = 45%, Black = 61%.} 1/2-1/2

[Event "10th Dolomiti Open 2019"]
[Site "Forni di Sopra"]
[Date "2019.06.17"]
[Round "3.10"]
[White "Cruz, Christian"]
[Black "Haug, Johannes"]
[Result "0-1"]
[WhiteElo "2561"]
[BlackElo "2438"]
[Annotator "ChessBase"]
[PlyCount "64"]
[EventDate "2019.06.15"]
[EventType "swiss"]
[EventCountry "ITA"]
[SourceTitle "playchess.com"]
[Source "ChessBase"]
[SourceQuality "1"]
[TimeControl "40/5400+30:1800+30"]

1. Nf3 {[%emt 0:00:00]} d5 {[%emt 0:00:00]} 2. e3 {[%emt 0:00:08]} Nf6 {[%emt 0:00:10]} 3. c4 {[%emt 0:01:57]} e6 {[%emt 0:00:06]} 4. b3 {[%emt 0:03:30]} b6 {[%emt 0:00:09]} 5. g3 {[%emt 0:05:41]} Bb7 {[%emt 0:01:39]} 6. Bg2 {[%emt 0:00:20]} Nbd7 {[%emt 0:04:27]} 7. O-O {[%emt 0:03:16]} Bd6 {[%emt 0:06:01]} 8. Nc3 {[%emt 0:07:08]} O-O {[%emt 0:03:30]} 9. Bb2 {[%emt 0:00:54]} a6 {[%emt 0:00:08]} 10. Qe2 {[%emt 0:07:25]} c5 {[%emt 0:05:18]} 11. Rfd1 {[%emt 0:05:05]} Qe7 {[%emt 0:02:27]} 12. d4 {[%emt 0:07:53]} dxc4 {[%emt 0:04:08]} 13. bxc4 {[%emt 0:00:37]} cxd4 {[%emt 0:05:53]} 14. exd4 {[%emt 0:00:29]} Rfe8 {[%emt 0:14:23]} 15. Ne5 {[%emt 0:13:51]} Bxg2 {[%emt 0:02:55]} 16. Kxg2 {[%emt 0:00:03]} Rac8 {[%emt 0:00:35]} 17. a4 {[%emt 0:14:34]} Bb4 {[%emt 0:10:50]} 18. Na2 {[%emt 0:04:34]} Ba3 {[%emt 0:02:34]} 19. Rab1 {[%emt 0:04:50]} Bxb2 {[%emt 0:03:07]} 20. Rxb2 {[%emt 0:00:09]} Qa3 {[%emt 0:09:50]} 21. Rb4 {[%emt 0:02:29]} a5 {[%emt 0:02:23]} 22. Rb5 {[%emt 0:06:55]} Qxa4 {[%emt 0:05:44]} 23. Nc3 {[%emt 0:00:44]} Qa3 {[%emt 0:00:25]} 24. Ne4 {[%emt 0:01:02]} Nxe4 {[%emt 0:02:38]} 25. Nxd7 {[%emt 0:00:40]} Nc3 {[%emt 0:01:55]} 26. Qg4 {[%emt 0:02:45]} Qe7 {[%emt 0:04:20]} 27. Nxb6 {[%emt 0:03:26]} Rb8 {[%emt 0:01:12]} 28. Rb2 {[%emt 0:02:19]} Nxd1 {[%emt 0:02:11]} 29. Qxd1 {[%emt 0:00:03]} Red8 {[%emt 0:01:55]} 30. c5 {[%emt 0:01:01]} Qxc5 {[%emt 0:02:28]} 31. dxc5 {[%emt 0:00:14]} Rxd1 {[%emt 0:00:02]} 32. c6 {[%emt 0:01:05]} Rc1 {[%emt 0:00:47]} 0-1

[Event "10th Dolomiti Open 2019"]
[Site "Forni di Sopra"]
[Date "2019.06.18"]
[Round "4.1"]
[White "Martinez Alcantara, Jose Eduardo"]
[Black "Mareco, Sandro"]
[Result "*"]
[WhiteElo "2583"]
[BlackElo "2643"]
[Annotator "TA"]
[PlyCount "25"]
[EventDate "2019.06.15"]
[EventType "swiss"]
[EventCountry "ITA"]
[SourceTitle "playchess.com"]
[Source "ChessBase"]
[SourceQuality "1"]

{[%evp 13,25,7,3,0,1,0,0,-18,-10,0,-2,-5,25,31]} 1. c4 e5 2. g3 d6 3. Nc3 f5 4. d4 Be7 5. Nf3 e4 6. Ng1 Nf6 7. Nh3 c6 8. Nf4 {A21: English Opening: 1...e5 2 Nc3} (8. Bg5 O-O 9. Nf4 Na6 10. e3 Nc7 11. h4 Ne6 12. Nxe6 Bxe6 13. Be2 h6 14. Bxf6 Bxf6 15. h5 c5 16. dxc5 Bxc3+ 17. bxc3 dxc5 {½-½ (36) Wojtaszek,R (2749)-Agrest,E (2593) Tallinn 2016}) 8... Na6 9. h4 d5 $146 ({Predecessor:} 9... Nc7 10. d5 O-O 11. Bh3 Nd7 12. O-O Ne5 13. b3 c5 {1-0 (47) Hambleton,A (2495)-Fridman,R (2507) Germany 2013}) 10. e3 Nc7 11. cxd5 cxd5 12. Qb3 b6 13. Bd2 *

[Event "10th Dolomiti Open 2019"]
[Site "Forni di Sopra"]
[Date "2019.06.18"]
[Round "4.2"]
[White "Dreev, Aleksey"]
[Black "Sonis, Francesco"]
[Result "*"]
[WhiteElo "2657"]
[BlackElo "2494"]
[Annotator "TA"]
[PlyCount "26"]
[EventDate "2019.06.15"]
[EventType "swiss"]
[EventCountry "ITA"]
[SourceTitle "playchess.com"]
[Source "ChessBase"]
[SourceQuality "1"]

{[%evp 15,26,8,8,1,11,10,20,23,35,8,22,23,13]} 1. d4 Nf6 2. Nf3 e6 3. c4 b6 4. Bf4 Bb7 5. e3 Bb4+ 6. Nfd2 O-O 7. a3 Be7 8. Nc3 d5 9. cxd5 {E12: Queen's Indian: Unusual White 4th moves, 4 a3, 4 Nc3 Bb7 5 a3 and 4 Nc3 Bb7} Nxd5 10. Nxd5 Bxd5 11. Qc2 Bd6 12. Bg3 f5 13. Bc4 $146 ({Predecessor:} 13. Bxd6 Qxd6 14. Rc1 Rc8 15. Bc4 c5 16. Bxd5 Qxd5 17. O-O Nd7 18. Rfd1 b5 19. Nb1 Qb7 20. Nc3 cxd4 21. Rxd4 Nc5 22. Rb4 {½-½ (22) Dreev,A (2635)-Bosiocic,M (2590) Spilimbergo 2018}) 13... f4 *

[Event "10th Dolomiti Open 2019"]
[Site "Forni di Sopra"]
[Date "2019.06.18"]
[Round "4.3"]
[White "Ivanchuk, Vassily"]
[Black "Castellanos Rodriguez, Renier"]
[Result "1-0"]
[WhiteElo "2691"]
[BlackElo "2511"]
[Annotator "TA"]
[PlyCount "79"]
[EventDate "2019.06.15"]
[EventType "swiss"]
[EventCountry "ITA"]
[SourceTitle "playchess.com"]
[Source "ChessBase"]
[SourceQuality "1"]

{[%evp 16,79,83,65,81,68,81,77,88,72,81,35,50,21,22,30,49,40,46,39,42,42,47,52,152,65,64,15,81,84,69,72,79,80,102,76,92,87,116,112,115,108,143,132,210,232,241,193,210,217,226,205,281,279,264,148,150,149,159,132,142,10,504,497,484,468]} 1. c4 g6 2. d4 Bg7 3. e4 c5 4. Nf3 d6 5. Nc3 Nf6 6. Be2 O-O 7. O-O Nc6 8. d5 Na5 9. Bf4 Bg4 {E91: King's Indian: Classical: 6 Be2, unusual replies including 6...c5 and 6...Bg4} 10. b3 Ne8 $146 ({Predecessor:} 10... Nd7 11. Qd2 a6 12. Rab1 Rb8 13. a4 Re8 14. Rfe1 b6 15. h3 Bxf3 16. Bxf3 Nb7 17. Rbd1 {½-½ (25) Stohl,I (2540)-Manik,M (2455) Olomouc 1998}) 11. Bd2 b6 {White is better.} 12. Rc1 e5 13. dxe6 fxe6 14. h3 (14. Ng5 $5 {[%cal Re2g4]} Bxe2 15. Qxe2 $11 (15. Nxe2 Qe7 $11)) 14... Bxf3 $1 15. Bxf3 Be5 16. Bg4 Qe7 17. f4 Bd4+ 18. Kh2 Nf6 19. Bf3 e5 {[#]} (19... Rad8 $14) 20. g3 (20. f5 $1 $16) 20... Rae8 $14 21. Bg2 Nc6 (21... exf4 $1 $11 {keeps the balance.} 22. gxf4 Qg7) 22. f5 $16 Bxc3 23. Rxc3 Nd4 24. g4 Kh8 25. Rd3 Ng8 26. b4 a5 27. bxa5 bxa5 28. Ra3 (28. Bxa5 $6 Ra8 $14) 28... Ra8 29. g5 (29. Rxa5 Rxa5 30. Bxa5 Ra8 $14) 29... Rab8 (29... Qf7 $16) 30. f6 $18 ({Don't take} 30. Rxa5 $6 gxf5 31. exf5 Nxf5 $16) 30... Qf7 31. Qc1 ({Resist} 31. Bxa5 $6 h6 $16) 31... Ne2 32. Qc2 Nd4 33. Qd3 Qd7 34. Rxa5 ({Much less strong is} 34. Bxa5 $6 Rb7 $16) 34... h6 {[#]} 35. Ra6 (35. h4 $1 $18) 35... hxg5 $16 36. Bxg5 Rf7 37. Qa3 Rbf8 38. Ra8 (38. Qe3 $16) 38... Qe6 $2 {[%mdl 8192]} (38... Rxa8 $1 $11 {and Black stays safe.} 39. Qxa8 Ne6) 39. Rxf8 $18 Rxf8 40. Qg3 {Accuracy: White = 37%, Black = 39%.} 1-0

[Event "10th Dolomiti Open 2019"]
[Site "Forni di Sopra"]
[Date "2019.06.18"]
[Round "4.5"]
[White "Arjun, Kalyan"]
[Black "Sarkar, Justin"]
[Result "0-1"]
[WhiteElo "2482"]
[BlackElo "2359"]
[Annotator "ChessBase"]
[PlyCount "126"]
[EventDate "2019.06.15"]
[EventType "swiss"]
[EventCountry "ITA"]
[SourceTitle "playchess.com"]
[Source "ChessBase"]
[SourceQuality "1"]
[TimeControl "40/5400+30:1800+30"]

1. e4 {[%emt 0:00:00]} c5 {[%emt 0:24:13]} 2. Nf3 {[%emt 0:00:00]} Nc6 {[%emt 0:00:11]} 3. d4 {[%emt 0:00:00]} cxd4 {[%emt 0:00:05]} 4. Nxd4 {[%emt 0:00:00]} Nf6 {[%emt 0:00:35]} 5. Nc3 {[%emt 0:00:06]} d6 {[%emt 0:00:50]} 6. Bg5 {[%emt 0:00:40]} Bd7 {[%emt 0:01:44]} 7. Qd2 {[%emt 0:01:04]} Rc8 {[%emt 0:01:09]} 8. f4 {[%emt 0:02:04]} Nxd4 {[%emt 0:02:02]} 9. Qxd4 {[%emt 0:00:03]} Qa5 {[%emt 0:00:25]} 10. e5 {[%emt 0:06:08]} dxe5 {[%emt 0:00:21]} 11. fxe5 {[%emt 0:00:07]} e6 {[%emt 0:00:44]} 12. O-O-O {[%emt 0:01:47]} Bc6 {[%emt 0:02:35]} 13. Bb5 {[%emt 0:01:00]} Nd5 {[%emt 0:01:46]} 14. Nxd5 {[%emt 0:15:13]} Bxb5 {[%emt 0:01:20]} 15. Nc3 {[%emt 0:03:30]} Bc6 {[%emt 0:08:34]} 16. Rd3 {[%emt 0:09:47]} f6 {[%emt 0:19:55]} 17. Bf4 {[%emt 0:23:15]} Qc5 {[%emt 0:02:44]} 18. exf6 {[%emt 0:00:27]} Qxd4 {[%emt 0:00:07]} 19. Rxd4 {[%emt 0:00:08]} gxf6 {[%emt 0:00:29]} 20. Ne4 {[%emt 0:00:17]} Be7 {[%emt 0:08:41]} 21. Nd6+ {[%emt 0:06:12]} Bxd6 {[%emt 0:00:05]} 22. Bxd6 {[%emt 0:02:28]} Bxg2 {[%emt 0:04:37]} 23. Rg1 {[%emt 0:06:54]} Rg8 {[%emt 0:00:09]} 24. Bb4 {[%emt 0:06:15]} Rg6 {[%emt 0:01:27]} 25. Re1 {[%emt 0:02:40]} e5 {[%emt 0:02:02]} 26. Rh4 {[%emt 0:01:13]} Rc7 {[%emt 0:00:22]} 27. c4 {[%emt 0:01:59]} Bf3 {[%emt 0:05:01]} 28. Bd6 {[%emt 0:00:53]} Rcg7 {[%emt 0:01:08]} 29. Rh3 {[%emt 0:00:53]} Rg1 {[%emt 0:01:31]} 30. Rxg1 {[%emt 0:00:49]} Rxg1+ {[%emt 0:00:03]} 31. Kc2 {[%emt 0:00:24]} Bg4 {[%emt 0:03:42]} 32. Rg3 {[%emt 0:01:29]} Rxg3 {[%emt 0:03:27]} 33. hxg3 {[%emt 0:00:07]} Kd7 {[%emt 0:00:16]} 34. Bc5 {[%emt 0:02:10]} a6 {[%emt 0:00:33]} 35. b4 {[%emt 0:02:25]} b5 {[%emt 0:02:04]} 36. cxb5 {[%emt 0:00:01]} axb5 {[%emt 0:00:03]} 37. Kd3 {[%emt 0:00:12]} h5 {[%emt 0:01:02]} 38. Bf8 {[%emt 0:00:50]} Ke6 {[%emt 0:01:02]} 39. Bg7 {[%emt 0:00:07]} Bd1 {[%emt 0:00:55]} 40. Kd2 {[%emt 0:00:30]} Bf3 {[%emt 0:00:23]} 41. Ke3 {[%emt 0:30:03]} Bd5 {[%emt 0:31:17]} 42. a3 {[%emt 0:00:14]} Bg2 {[%emt 0:00:00]} 43. Kf2 {[%emt 0:00:00]} Be4 {[%emt 0:00:00]} 44. Bf8 {[%emt 0:00:00]} Bf5 {[%emt 0:00:00]} 45. Bc5 {[%emt 0:00:00]} Bg4 {[%emt 0:00:00]} 46. Bb6 {[%emt 0:00:00]} h4 {[%emt 0:00:00]} 47. gxh4 {[%emt 0:00:00]} f5 {[%emt 0:00:00]} 48. Be3 {[%emt 0:00:00]} f4 {[%emt 0:00:00]} 49. Bc1 {[%emt 0:00:00]} Kd5 {[%emt 0:00:00]} 50. Ke1 {[%emt 0:00:00]} Bh5 {[%emt 0:00:00]} 51. Kf1 {[%emt 0:00:00]} Ke4 {[%emt 0:00:00]} 52. Kf2 {[%emt 0:00:00]} Be8 {[%emt 0:00:00]} 53. Bb2 {[%emt 0:00:00]} Kf5 {[%emt 0:00:04]} 54. Ke2 {[%emt 0:00:00]} e4 {[%emt 0:00:16]} 55. Bd4 {[%emt 0:00:00]} Bh5+ {[%emt 0:00:45]} 56. Kd2 {[%emt 0:00:00]} e3+ {[%emt 0:05:39]} 57. Kd3 {[%emt 0:00:00]} Bf7 {[%emt 0:02:07]} 58. Bc3 {[%emt 0:00:00]} Kg4 {[%emt 0:00:00]} 59. Ke4 {[%emt 0:00:00]} Bg6+ {[%emt 0:00:00]} 60. Kd4 {[%emt 0:00:00]} Kxh4 {[%emt 0:00:00]} 61. a4 {[%emt 0:00:00]} bxa4 {[%emt 0:00:00]} 62. b5 {[%emt 0:00:00]} Be8 {[%emt 0:00:37]} 63. b6 {[%emt 0:00:00]} Bc6 {[%emt 0:02:23]} 0-1

[Event "10th Dolomiti Open 2019"]
[Site "Forni di Sopra"]
[Date "2019.06.18"]
[Round "4.6"]
[White "Deac, Bogdan-Daniel"]
[Black "Lumachi, Gabriele"]
[Result "*"]
[WhiteElo "2623"]
[BlackElo "2286"]
[Annotator "TA"]
[PlyCount "36"]
[EventDate "2019.06.15"]
[EventType "swiss"]
[EventCountry "ITA"]
[SourceTitle "playchess.com"]
[Source "ChessBase"]
[SourceQuality "1"]

{[%evp 12,36,16,0,0,17,17,17,24,3,14,16,24,0,31,9,52,45,80,61,81,73,114,68,64,73,114]} 1. e4 e5 2. Nf3 Nc6 3. Bb5 Nf6 4. d3 Bc5 5. c3 O-O 6. O-O d6 7. Nbd2 Ne7 {C65: Ruy Lopez: Berlin Defence (3...Nf6), unusual lines and 4 0-0 Bc5} 8. d4 exd4 9. cxd4 Bb6 {The position is equal.} 10. Re1 c6 11. Bd3 Ng6 12. h3 Re8 $146 ({Predecessor:} 12... d5 13. e5 Nh5 14. Nf1 Nhf4 15. Bxg6 Nxg6 {1-0 (55) Karjakin,S (2773)-Le,Q (2739) Saint Louis 2017}) 13. Nf1 Bc7 14. Ng3 h6 15. Be3 Nh7 16. Qc2 Ng5 17. Nh2 Ba5 18. Red1 Nf8 {Accuracy: White = 59%, Black = 26%.} *

[Event "10th Dolomiti Open 2019"]
[Site "Forni di Sopra"]
[Date "2019.06.18"]
[Round "4.7"]
[White "Cruz, Cristhian"]
[Black "Guerrero Sierra, Juan Carlos"]
[Result "*"]
[WhiteElo "2561"]
[BlackElo "2290"]
[Annotator "TA"]
[PlyCount "33"]
[EventDate "2019.06.15"]
[EventType "swiss"]
[EventCountry "ITA"]
[SourceTitle "playchess.com"]
[Source "ChessBase"]
[SourceQuality "1"]

{[%evp 16,33,0,0,12,8,43,33,52,31,69,57,88,77,111,109,125,62,164,149]} 1. c4 Nf6 2. Nc3 e6 3. d4 d5 4. cxd5 Nxd5 5. Nf3 c5 6. e3 Nc6 7. Bd3 Be7 8. O-O O-O 9. a3 b6 {D42: Queen's Gambit Declined: Semi-Tarrasch: 5 cxd5 Nxd5 6 e3 Nc6 7 Bd3} 10. Qc2 h6 11. dxc5 Nxc3 {White is slightly better.} 12. cxb6 Nd5 $146 {[#] aiming for ...Qd6.} ({Predecessor:} 12... Qxb6 13. bxc3 Ba6 14. Rb1 Bxd3 15. Qxd3 Qc7 16. e4 Rfd8 17. Qa6 {1-0 (62) Ragger,M (2668)-Dourerassou,J (2414) Montpellier 2015}) 13. Qxc6 {Strongly threatening b7.} Bd7 14. Qc2 Rc8 15. Qe2 Nxb6 16. b3 (16. Rd1 $16) 16... Rc3 ({Black should play} 16... Bf6 $14 17. Bb2 Bc6) 17. Bb2 *

[Event "10th Dolomiti Open 2019"]
[Site "Forni di Sopra"]
[Date "2019.06.18"]
[Round "4.8"]
[White "Basso, Pier Luigi"]
[Black "Vignesh, B."]
[Result "1-0"]
[WhiteElo "2539"]
[BlackElo "2283"]
[Annotator "ChessBase"]
[PlyCount "81"]
[EventDate "2019.06.15"]
[EventType "swiss"]
[EventCountry "ITA"]
[SourceTitle "playchess.com"]
[Source "ChessBase"]
[SourceQuality "1"]
[TimeControl "40/5400+30:1800+30"]

1. d4 {[%emt 0:08:38]} Nf6 {[%emt 0:00:00]} 2. c4 {[%emt 0:02:52]} e6 {[%emt 0:00:00]} 3. Nf3 {[%emt 0:00:02]} Bb4+ {[%emt 0:00:00]} 4. Bd2 {[%emt 0:00:28]} Qe7 {[%emt 0:00:04]} 5. g3 {[%emt 0:00:11]} Nc6 {[%emt 0:00:08]} 6. e3 {[%emt 0:00:07]} O-O {[%emt 0:00:21]} 7. Bg2 {[%emt 0:00:14]} e5 {[%emt 0:00:45]} 8. Nxe5 {[%emt 0:03:03]} Nxe5 {[%emt 0:01:33]} 9. dxe5 {[%emt 0:00:07]} Bxd2+ {[%emt 0:00:03]} 10. Qxd2 {[%emt 0:00:10]} Qxe5 {[%emt 0:00:03]} 11. Nc3 {[%emt 0:00:13]} c6 {[%emt 0:06:14]} 12. Rd1 {[%emt 0:02:58]} Rd8 {[%emt 0:00:37]} 13. Qd6 {[%emt 0:06:58]} Qxd6 {[%emt 0:01:58]} 14. Rxd6 {[%emt 0:00:41]} Ne8 {[%emt 0:00:02]} 15. Rd4 {[%emt 0:00:29]} d6 {[%emt 0:00:50]} 16. O-O {[%emt 0:00:51]} Be6 {[%emt 0:00:24]} 17. b3 {[%emt 0:00:31]} Rd7 {[%emt 0:04:08]} 18. e4 {[%emt 0:04:54]} Rad8 {[%emt 0:01:47]} 19. f4 {[%emt 0:00:10]} f6 {[%emt 0:00:53]} 20. h3 {[%emt 0:01:18]} Nc7 {[%emt 0:03:44]} 21. g4 {[%emt 0:02:00]} Bf7 {[%emt 0:10:13]} 22. Rd2 {[%emt 0:00:58]} Ne6 {[%emt 0:04:14]} 23. h4 {[%emt 0:00:39]} h6 {[%emt 0:08:42]} 24. h5 {[%emt 0:00:29]} Nc7 {[%emt 0:00:41]} 25. Kh2 {[%emt 0:02:29]} d5 {[%emt 0:08:29]} 26. exd5 {[%emt 0:01:55]} cxd5 {[%emt 0:00:14]} 27. Rfd1 {[%emt 0:06:53]} d4 {[%emt 0:02:13]} 28. Ne2 {[%emt 0:00:02]} f5 {[%emt 0:04:42]} 29. Rxd4 {[%emt 0:01:52]} Rxd4 {[%emt 0:00:04]} 30. Rxd4 {[%emt 0:00:03]} Rxd4 {[%emt 0:00:35]} 31. Nxd4 {[%emt 0:00:02]} fxg4 {[%emt 0:00:02]} 32. Bxb7 {[%emt 0:00:19]} Bxh5 {[%emt 0:01:01]} 33. Kg3 {[%emt 0:04:55]} Kf7 {[%emt 0:03:20]} 34. Nc6 {[%emt 0:01:21]} Bg6 {[%emt 0:01:25]} 35. Nxa7 {[%emt 0:01:52]} Bb1 {[%emt 0:00:44]} 36. a4 {[%emt 0:01:24]} Bc2 {[%emt 0:06:03]} 37. Nb5 {[%emt 0:00:38]} Bxb3 {[%emt 0:00:24]} 38. a5 {[%emt 0:01:23]} Kf6 {[%emt 0:01:10]} 39. Nxc7 {[%emt 0:00:10]} Bxc4 {[%emt 0:00:03]} 40. Ba6 {[%emt 0:00:53]} Bb3 {[%emt 0:02:17]} 41. Bf1 {[%emt 0:31:03]} 1-0

[Event "10th Dolomiti Open 2019"]
[Site "Forni di Sopra"]
[Date "2019.06.18"]
[Round "4.9"]
[White "Le Goff, Ronan"]
[Black "Bellia, Fabrizio"]
[Result "1/2-1/2"]
[WhiteElo "2229"]
[BlackElo "2450"]
[Annotator "ChessBase"]
[PlyCount "146"]
[EventDate "2019.06.15"]
[EventType "swiss"]
[EventCountry "ITA"]
[SourceTitle "playchess.com"]
[Source "ChessBase"]
[SourceQuality "1"]
[TimeControl "40/5400+30:1800+30"]

1. d4 {[%emt 0:04:03]} Nf6 {[%emt 0:00:00]} 2. Nf3 {[%emt 0:00:10]} d5 {[%emt 0:00:00]} 3. c4 {[%emt 0:00:42]} e6 {[%emt 0:00:29]} 4. Nc3 {[%emt 0:00:15]} Be7 {[%emt 0:01:11]} 5. cxd5 {[%emt 0:00:48]} exd5 {[%emt 0:00:10]} 6. Bg5 {[%emt 0:00:15]} O-O {[%emt 0:01:22]} 7. Qc2 {[%emt 0:00:47]} c6 {[%emt 0:01:19]} 8. e3 {[%emt 0:00:16]} Nbd7 {[%emt 0:00:14]} 9. Bd3 {[%emt 0:00:12]} Re8 {[%emt 0:00:10]} 10. O-O {[%emt 0:00:28]} g6 {[%emt 0:00:47]} 11. Rab1 {[%emt 0:02:43]} a5 {[%emt 0:04:18]} 12. a3 {[%emt 0:00:14]} Nb6 {[%emt 0:00:12]} 13. Ne2 {[%emt 0:30:16]} a4 {[%emt 0:13:35]} 14. h3 {[%emt 0:02:12]} Ne4 {[%emt 0:00:50]} 15. Bf4 {[%emt 0:01:23]} Nd6 {[%emt 0:05:04]} 16. Ng3 {[%emt 0:07:39]} Nbc4 {[%emt 0:04:24]} 17. e4 {[%emt 0:12:41]} dxe4 {[%emt 0:03:06]} 18. Nxe4 {[%emt 0:00:09]} Nxe4 {[%emt 0:00:55]} 19. Bxe4 {[%emt 0:00:25]} Nd6 {[%emt 0:02:01]} 20. Bd3 {[%emt 0:01:49]} Bf5 {[%emt 0:05:39]} 21. Rbd1 {[%emt 0:01:36]} Be6 {[%emt 0:08:21]} 22. Bxd6 {[%emt 0:02:05]} Qxd6 {[%emt 0:01:24]} 23. Bc4 {[%emt 0:00:12]} Bf6 {[%emt 0:06:01]} 24. Bxe6 {[%emt 0:02:30]} Rxe6 {[%emt 0:00:16]} 25. Rfe1 {[%emt 0:05:31]} Rxe1+ {[%emt 0:06:30]} 26. Rxe1 {[%emt 0:00:08]} Qd5 {[%emt 0:01:19]} 27. Re3 {[%emt 0:01:19]} Kg7 {[%emt 0:01:24]} 28. Rc3 {[%emt 0:01:13]} Be7 {[%emt 0:15:13]} 29. Re3 {[%emt 0:01:52]} Bd6 {[%emt 0:00:36]} 30. g3 {[%emt 0:02:03]} Ra5 {[%emt 0:00:27]} 31. Qe4 {[%emt 0:05:07]} Qxe4 {[%emt 0:02:52]} 32. Rxe4 {[%emt 0:00:06]} Rb5 {[%emt 0:00:09]} 33. Re2 {[%emt 0:00:07]} Kf8 {[%emt 0:01:34]} 34. h4 {[%emt 0:00:29]} Be7 {[%emt 0:02:35]} 35. Kf1 {[%emt 0:01:56]} Bf6 {[%emt 0:00:42]} 36. Rd2 {[%emt 0:00:29]} Ke7 {[%emt 0:01:33]} 37. Ke2 {[%emt 0:01:00]} Kd6 {[%emt 0:01:48]} 38. Kd3 {[%emt 0:00:33]} Kd5 {[%emt 0:03:07]} 39. Ke3 {[%emt 0:04:25]} Rb3+ {[%emt 0:02:07]} 40. Kf4 {[%emt 0:00:13]} h5 {[%emt 0:03:02]} 41. g4 {[%emt 0:31:25]} hxg4 {[%emt 0:30:36]} 42. Kxg4 {[%emt 0:00:07]} Rb5 {[%emt 0:00:00]} 43. Ng1 {[%emt 0:00:00]} Kc4 {[%emt 0:00:00]} 44. Ne2 {[%emt 0:00:00]} Rh5 {[%emt 0:00:00]} 45. Kf3 {[%emt 0:00:00]} Rxh4 {[%emt 0:00:00]} 46. Rc2+ {[%emt 0:00:00]} Kb3 {[%emt 0:00:00]} 47. Rd2 {[%emt 0:00:00]} Bg5 {[%emt 0:00:00]} 48. Nc1+ {[%emt 0:00:00]} Kc4 {[%emt 0:00:00]} 49. Rc2+ {[%emt 0:00:00]} Kxd4 {[%emt 0:00:00]} 50. Ne2+ {[%emt 0:00:00]} Ke5 {[%emt 0:00:00]} 51. Kg3 {[%emt 0:00:00]} Ke6 {[%emt 0:00:00]} 52. f4 {[%emt 0:00:00]} Bf6 {[%emt 0:00:00]} 53. Rc4 {[%emt 0:00:00]} Rh1 {[%emt 0:00:00]} 54. Rxa4 {[%emt 0:00:00]} Bxb2 {[%emt 0:00:00]} 55. Re4+ {[%emt 0:00:00]} Kf6 {[%emt 0:00:00]} 56. Rb4 {[%emt 0:00:00]} Bxa3 {[%emt 0:00:00]} 57. Rxb7 {[%emt 0:00:00]} Rd1 {[%emt 0:00:00]} 58. Kf3 {[%emt 0:00:00]} Bd6 {[%emt 0:00:01]} 59. Rb6 {[%emt 0:00:00]} Rd3+ {[%emt 0:01:41]} 60. Kg4 {[%emt 0:00:00]} c5 {[%emt 0:00:15]} 61. Ng3 {[%emt 0:00:00]} Ke6 {[%emt 0:01:33]} 62. f5+ {[%emt 0:00:00]} Kd5 {[%emt 0:00:17]} 63. Ne2 {[%emt 0:00:00]} gxf5+ {[%emt 0:03:15]} 64. Kxf5 {[%emt 0:00:00]} Re3 {[%emt 0:01:19]} 65. Rb2 {[%emt 0:00:00]} Rf3+ {[%emt 0:00:41]} 66. Kg4 {[%emt 0:00:00]} Ke4 {[%emt 0:00:18]} 67. Rc2 {[%emt 0:00:00]} f5+ {[%emt 0:00:09]} 68. Kg5 {[%emt 0:00:00]} Kd3 {[%emt 0:00:41]} 69. Ra2 {[%emt 0:00:00]} c4 {[%emt 0:00:47]} 70. Nc1+ {[%emt 0:00:00]} Kd4 {[%emt 0:01:10]} 71. Ne2+ {[%emt 0:00:00]} Kd3 {[%emt 0:00:54]} 72. Nc1+ {[%emt 0:00:00]} Kc3 {[%emt 0:00:08]} 73. Ne2+ {[%emt 0:00:00]} Kd3 {[%emt 0:02:43]} 1/2-1/2